00818cam a22002534a 45000010009000000050017000090080041000260100017000670200015000840350022000990400018001210410008001390420008001470800014001550820018001691000006001871010008001932450121002015040051003229060045003739420012004189990017004309520117004471297816920180810034940.0021023s2004 ilua bf 001 0 eng  a 2002114968 a1581101090 a(DLC) 2002114968 aDLCcDLCdDLC aeng apcc a613.2/08300a613.2/083222 a8 aped10aPediatric nutrition handbook /cCommittee on Nutrition, American Academy of Pediatrics ; Ronald E. Kleinman, editor. aIncludes bibliographical references and index. a7bcbccorignewd2eepcnf20gy-gencatlg 2ddccBK c46994d46994 00102udc40708PËKGa002b002cPËKGd2018-08-10l0o613.2083 klep002-3010811r2018-08-10w2018-08-10yBK